Cleansing moments : (Record no. 19437)
[ view plain ]
| 000 -LEADER | |
|---|---|
| fixed length control field | 00463nam a22001697a 4500 |
| 003 - CONTROL NUMBER IDENTIFIER | |
| control field | OSt |
| 008 - FIXED-LENGTH DATA ELEMENTS--GENERAL INFORMATION | |
| fixed length control field | 230420b2023 |||||||| |||| 00| 0 eng d |
| 020 ## - INTERNATIONAL STANDARD BOOK NUMBER | |
| International Standard Book Number | 9789354644986 |
| 082 ## - DEWEY DECIMAL CLASSIFICATION NUMBER | |
| Classification number | 658.402 |
| Item number | KAM-C |
| 100 ## - MAIN ENTRY--PERSONAL NAME | |
| Personal name | Kamdar, Dishan |
| 245 ## - TITLE STATEMENT | |
| Title | Cleansing moments : |
| Remainder of title | developing leadership skills for all times / |
| Statement of responsibility, etc | Dishan Kamdar |
| 260 ## - PUBLICATION, DISTRIBUTION, ETC. (IMPRINT) | |
| Place of publication, distribution, etc | New Delhi : |
| Name of publisher, distributor, etc | Wiley, |
| Date of publication, distribution, etc | 2020. |
| 300 ## - PHYSICAL DESCRIPTION | |
| Extent / Pages | xxi, 174p. ; |
| 650 ## - SUBJECT ADDED ENTRY--TOPICAL TERM | |
| Topical term or geographic name as entry element | Leadership |
| 650 ## - SUBJECT ADDED ENTRY--TOPICAL TERM | |
| Topical term or geographic name as entry element | Management |
| 942 ## - ADDED ENTRY ELEMENTS (KOHA) | |
| Source of classification or shelving scheme | |
| Koha item type | Books |
| Withdrawn status | Lost status | Source of classification or shelving scheme | Damaged status | Not for loan | Home library | Current library | Date acquired | Source of acquisition | Currency | Cost, normal purchase price | Full call number | Barcode | Date last seen | Copy number | Bill Date | Koha item type | Bill Number |
|---|---|---|---|---|---|---|---|---|---|---|---|---|---|---|---|---|---|
| SOBD Library | SOBD Library | 20/04/2023 | Vedi Books | INR | 799.00 | 658.402 KAM-C1 | 002448 | 20/04/2023 | 1 | 15/04/2023 | Reference Books | VEDI/23-24/04/09 | |||||
| SOBD Library | SOBD Library | 20/04/2023 | Vedi Books | INR | 799.00 | 658.402 KAM-C2 | 002449 | 20/04/2023 | 2 | 15/04/2023 | Books | VEDI/23-24/04/09 | |||||
| SOBD Library | SOBD Library | 20/04/2023 | Vedi Books | INR | 799.00 | 658.402 KAM-C3 | 002450 | 20/04/2023 | 3 | 15/04/2023 | Books | VEDI/23-24/04/09 | |||||
| SOBD Library | SOBD Library | 20/04/2023 | Vedi Books | INR | 799.00 | 658.402 KAM-C4 | 002451 | 20/04/2023 | 4 | 15/04/2023 | Books | VEDI/23-24/04/09 | |||||
| SOBD Library | SOBD Library | 20/04/2023 | Vedi Books | INR | 799.00 | 658.402 KAM-C5 | 002452 | 20/04/2023 | 5 | 15/04/2023 | Books | VEDI/23-24/04/09 | |||||
| SOBD Library | SOBD Library | 20/04/2023 | Vedi Books | INR | 799.00 | 658.402 KAM-C6 | 002453 | 20/04/2023 | 6 | 15/04/2023 | Books | VEDI/23-24/04/09 |